LEADER 01651nam0 2200385 i 450 001 RAV0076631 005 20251003044321.0 010 $a8833950158 100 $a19961018d1985 ||||0itac50 ba 101 | $aita 102 $ait 181 1$6z01$ai $bxxxe 182 1$6z01$an 183 1$6z01$anc$2RDAcarrier 200 1 $aDiscorso sull'economia politica$fClaudio Napoleoni 210 $aTorino$cBoringhieri$d1985 215 $a146 p.$d21 cm 225 | $aSerie di economia 410 0$1001CFI0005298$12001 $aSerie di economia 606 $aEconomia e società$xSec. 20.$2FIR$3CFIC052618$9I 676 $a330$9ECONOMIA$v21 676 $a330.01$9ECONOMIA. FILOSOFIA E TEORIA$v23 676 $a330.1$9ECONOMIA. Sistemi e teorie$v20 686 $aX09.2$cSTORIA DEL PENSIERO ECONOMICO$2R 686 $aX14.3$cMARXISMO E REVISIONISMO DIBATTITO POLITICO-IDEOLOGICO$2R 700 1$aNapoleoni$b, Claudio$3CFIV010532$4070$016392 801 3$aIT$bIT-000000$c19961018 850 $aIT-BN0095 $aIT-AV0007 $aIT-NA0230 901 $bNAP AV$cSEZ. M $nSezione Moderna 901 $bNAP 01$cPOZZO LIB.$nVi sono collocati fondi di economia, periodici di ingegneria e scienze, periodici di economia e statistica e altri fondi comprendenti documenti di economia pervenuti in dono. 912 $aRAV0076631 950 0$aBiblioteca Centralizzata di Ateneo$c1 v.$d 01POZZO LIB.F. PARRAVICINI 246$e 0101 0600160745E VMA 1 v. (Precedente collocazione P 219)$fB $h20220912$i20220912 977 $a 01$a AV$a IR 996 $aDiscorso sull'economia politica$946242 997 $aUNISANNIO